| 000 | 01277nam a2200385 4500 | ||
|---|---|---|---|
| 001 | 240030 | ||
| 003 | DO-SdBPM | ||
| 005 | 20250908122243.0 | ||
| 007 | ta | ||
| 008 | 160321b2003 sp a ||| 00| 0 spa d | ||
| 020 | _a8431648341 | ||
| 040 |
_aBPMSU _bspa _cBPMSU _erda |
||
| 041 | 1 | 7 |
_aspa _heng |
| 082 | 4 |
_a813.5 _bA832a 1999 _222 |
|
| 100 | 1 |
_aAsimov, Isaac, _d1920-1992. _eautor |
|
| 240 | 1 | 0 |
_aRobbie. _lEspañol |
| 245 | 1 | 0 |
_aAmigos robots / _cIsaac Asimov ; ilustraciones David Shannon ; traducción F. Torres Oliver ; actividades Gabriel Casas. |
| 250 | _a | ||
| 260 | _g | ||
| 264 |
_aBarcelona : _bVicens Vives, _c2003 |
||
| 300 |
_a92 páginas : _bilustración ; _c22 cm. |
||
| 336 |
_atexto _btxt _2rdacontent |
||
| 337 |
_asin mediación _bnc _2rdamedia |
||
| 338 |
_avolumen _bnc _2rdacarrier |
||
| 490 | 0 |
_aCucaina, _v5 |
|
| 500 | _aIncluye datos biográficos de la autor en la contracubierta | ||
| 590 | _aInventariado, 2025/VM | ||
| 650 | 7 | _aCuentos juveniles estadounidenses. | |
| 650 | 7 |
_aRobótica _vCuentos juveniles |
|
| 650 | 7 | _aCuentos de ciencia ficción. | |
| 700 | 1 |
_aShannon, David, _eilustraciones |
|
| 700 | 1 |
_aTorres Oliver, Francisco, _etraductor |
|
| 910 | _aVMateo V. Control de calidad. BPMSU | ||
| 942 |
_2ddc _cBK |
||
| 999 |
_c9336 _d9336 |
||